000 00522nam a22001817a 4500
003 OSt
005 20260415131705.0
008 260415b |||||||| |||| 00| 0 eng d
040 _aCO-JMCR
_bspa
_cCO-JMCR
_dCO-JMCR
_erda
082 0 _a321.07
_bP31r
100 0 _aPlatón,
_eautor
_914224
245 1 _aLa Repúbllica /
260 _aSanta fé de Bogotá :
_bPanamericana ,
_c1992
300 _a263 páginas :
_c23 cm.
650 _aFilosofía
_xsociedad
_944608
650 _aFilosofía
_xgriega
_944609
942 _2ddc
_cBK
999 _c31173
_d17557